| 000 | 00570nam a22001937a 4500 | ||
|---|---|---|---|
| 005 | 20260410102948.0 | ||
| 010 | _aENG-147981 | ||
| 020 |
_a9789349001572 _c195.00 |
||
| 035 | _aEN-131513 | ||
| 037 | _bDBAD | ||
| 082 |
_a153.4 _21 |
||
| 100 | _aJoshi Nitin | ||
| 245 |
_aLIFE LESSONS/ _cNitin Joshi |
||
| 250 | _a1 | ||
| 260 |
_amaharastra _bVishwakarma Publication _c2025 |
||
| 270 |
_bPune _a34A/1;suyog centre;7th Floor ';Gultekadi Marketyard Road;Giridher bhavan Chowk; _e411037 |
||
| 300 |
_a130p. _c21cm (pb) |
||
| 942 |
_2ddc _cEN _h153.4 _mJOS |
||
| 999 |
_c215432 _d215432 |
||